Statistics for Flattest States

Click here to take the quiz!

General Stats

  • This quiz has been taken 26 times
  • The average score is 9 of 10

Answer Stats

HintAnswer% Correct
345 FTFlorida
95%
1671 FTIowa
95%
1257 FTIndiana
90%
1549 FTOhio
90%
1235 FTIllinois
86%
811 FTRhode Island
86%
447 FTDelaware
81%
535 FTLouisiana
81%
807 FTMississippi
81%
1772 FTMissouri
67%

Score Distribution

Percentile by Number Answered

Percent of People with Each Score

Your Score History

You have not taken this quiz